00606nam a22001577a 4500999001900000020001600019082001100035100001900046245010400065260003700169300003000206942001300236650004700249700002700296952012500323 c533810d533810 qHard Cover. a624.15 aHussain, Sadam aStabilization of medium plastic and high plastic clay using gypsum and bagasse ash /cSadam Hussain aIslamabad :bNICE - NUST,c2016. axvii, 67 p. ill. ;c30cm. 2ddccTHE aGeotechnical Engineering MS-Thesis.916696 aDr. Liaqat Ali.916199 00102ddc406624_150000000000000709495187aCLbCLcTHEd2020-01-21l0o624.15pCL-T-4696r2020-01-21w2020-01-21yTHE